[Event "Beijing FIDE GP"]
[Site "Beijing"]
[Date "2013.07.15"]
[Round "10"]
[White "Giri, Anish"]
[Black "Topalov, Veselin"]
[Result "1-0"]
[WhiteElo "2734"]
[BlackElo "2767"]
[Annotator "CB"]
[PlyCount "45"]
[EventDate "2013.07.04"]
[EventType "tourn"]
[EventRounds "11"]
[EventCountry "CHN"]
[EventCategory "21"]
[SourceTitle "CBM 156"]
[Source "ChessBase"]
[SourceDate "2013.09.17"]
[SourceVersion "1"]
[SourceVersionDate "2013.09.17"]
[SourceQuality "1"]

1. e4 c6 2. d4 d5 3. e5 Bf5 4. Nf3 e6 5. Be2 Bg6 ({Üblicher ist} 5... c5) ({
oder} 5... Nd7 {, was aber häufig nur Zugumstellung bedeutet.}) 6. O-O Nh6 {
Auch dieser Zug wird hier eher selten gespielt und beinhaltet eine Provokation,
denn Weiß kann nun mit Lxh6 die schwarze Struktur am Königsflügel entwerten.
} ({Der Springer kann auch via e7 nach f5 gelangen.} 6... Ne7 7. Nbd2 Nf5 8. g4
Ne7 9. Nh4 c5 10. c3 Nbc6 11. Nxg6 Nxg6 12. Nf3 Be7 13. g5 Qb6 14. h4 cxd4 15.
cxd4 f6 16. exf6 gxf6 17. Bd3 fxg5 18. Re1 O-O-O 19. Rxe6 Qc7 20. Nxg5 Nxd4 21.
Rxe7 Nxe7 22. Qg4+ Qd7 23. Qxd4 Nc6 24. Qf4 Rdf8 25. Qg3 h6 26. Be2 hxg5 27.
Bg4 Rf5 28. Bxg5 Rhf8 29. Rc1 b6 30. Bxf5 Rxf5 31. f4 Kb7 32. h5 Nd4 33. Re1
Ne6 34. h6 Nxg5 35. fxg5 Qd8 36. Re5 Qc7 37. Re3 Qd8 38. Qg2 Rxg5 39. Rg3 Re5
40. Rg7+ Kc6 41. Qc2+ Kd6 42. Rg6+ Re6 43. Qh2+ Kc5 44. Rxe6 Qg8+ 45. Kf1 {
1-0 (45) Shirov,A (2700)-Dreev,A (2654) Loo 2013}) 7. c3 Be7 (7... Nf5 8. Qb3
Qc7 9. g4 Ne7 10. Nh4 h5 11. Nxg6 Nxg6 12. gxh5 Ne7 13. Nd2 f6 14. exf6 gxf6
15. c4 Nf5 16. Qh3 Nxd4 17. Bd1 Qe5 18. Nb3 Rg8+ 19. Kh1 Qe4+ 20. f3 Qf5 21.
Qxf5 Nxf5 22. cxd5 cxd5 23. Bc2 Nc6 24. Bxf5 exf5 25. Bf4 Rh8 26. Rac1 Rxh5 27.
Rfd1 Rd8 28. Nd4 Nxd4 29. Rxd4 Rd7 30. Bg3 Kf7 31. Rcd1 Ke6 32. Re1+ Kf7 33.
Red1 Ke6 34. Re1+ Kf7 {1/2-1/2 (34) Najer,E (2634)-Riazantsev,A (2705) Loo 2013
}) ({Nach} 7... Nd7 {wird eine Stellung erreicht, die meist nach 5...Sd7
entsteht, z.B.} 8. Bxh6 gxh6 9. Nbd2 Be7 10. Nb3 O-O 11. Nc1 c5 12. Qd2 cxd4
13. cxd4 Qb6 14. Nd3 Kg7 15. Rac1 Rfc8 16. Nf4 Qb4 17. Rc3 Qa5 18. Nxg6 hxg6
19. Rb3 Qxd2 20. Nxd2 Rc2 21. Rxb7 Rxd2 22. Rxd7 Rxe2 23. Rxe7 Rxb2 24. g3 Rc8
25. Rxa7 g5 26. h3 h5 27. a3 Rc4 28. Rd1 g4 29. hxg4 hxg4 30. Kg2 Rcc2 31. Rf1
Rd2 32. Ra4 Ra2 33. Kg1 Rd3 34. Kg2 Rf3 35. Ra8 Rd2 36. a4 Rxd4 37. a5 Ra4 38.
a6 Rf5 39. a7 Rxe5 40. Rh1 Ra2 41. Rh4 Rg5 42. Kg1 Kf6 43. Rh6+ Ke5 44. Rh7 Rf5
45. Rh2 Ra1+ 46. Kg2 Ra2 47. Kg1 Rf3 48. Rg8 Rxa7 49. Rxg4 Ra2 50. Rg8 d4 51.
Rd8 d3 52. Kf1 Kf6 53. Ke1 e5 54. g4 e4 55. Rd4 e3 56. g5+ Kg7 {0-1 (56)
Savchenko,B (2550) -Galkin,A (2615) Konya 2012}) 8. Bxh6 gxh6 {Im Gegenzug
für die entwertete Bauernstruktur am Königsflühel erhält Schwarz Spiel auf
der g- und f-Linie.} 9. g3 {Weiß bereitet die Attacke h2-h4-h5 vor.} ({
Bekannt war bisher} 9. Qd2 Qb6 10. b3 c5 11. Qxh6 Nc6 12. Qf4 f6 13. exf6 O-O
14. Qe3 Rxf6 15. Nbd2 Bd6 16. g3 cxd4 17. cxd4 Ba3 18. Rad1 Bb2 19. Nb1 Bxb1
20. Rxb1 Bxd4 21. Nxd4 Qxd4 22. Qg5+ Rg6 23. Qh5 Rf8 24. Rbd1 Qg7 25. Rd2 Nd4
26. Bd1 Nf5 27. Qe2 Kh8 28. Re1 Rgf6 29. Qe5 Ne7 30. Bc2 Ng6 31. Qg5 Qc7 32.
Qe3 a6 33. Rde2 Qg7 34. Qg5 Qf7 35. Qd2 Rg8 36. Kh1 Ne7 37. Qd4 Nc6 38. Qh4 Rg7
39. Rf1 e5 40. Bd1 e4 41. Kg1 Nd4 42. Rd2 Nf5 43. Qh5 Qg8 44. Qe2 Qe6 45. Re1
Qe5 46. Rc2 Rf8 47. Qh5 Qf6 48. Rd2 e3 49. fxe3 Nxe3 50. Qe2 d4 51. Qd3 Rd7 52.
b4 Rd5 53. Bc2 Rf5 54. Rdd1 Qg7 55. Rxe3 dxe3 56. Qxe3 Rf3 57. Qe4 R3f7 58. Re1
Qb2 59. Re2 Qc1+ 60. Re1 Rf1+ 61. Kg2 R1f2+ 62. Kg1 Qxc2 {0-1 (62) Sjugirov,S 
(2562)-Riazantsev,A (2634) Moscow 2009}) 9... O-O 10. Nbd2 a5 11. Ne1 c5 12. h4
cxd4 13. h5 Be4 14. cxd4 Nc6 15. Bf3 ({Nach} 15. f3 {würde die schwarze
Opferidee, wie in der Partie gespielt, funktionieren:} Bf5 16. g4 Nxd4 17. gxf5
Nxf5 18. Ng2 Bc5+ {und die Schwäche der Felder e3 und g3 garantiert Schwarz
besseres Spiel.}) 15... Bf5 $6 (15... Bxf3 16. Ndxf3 Qb6 17. Rb1 f6 $11) 16. g4
Nxd4 $2 ({Es ging noch} 16... Be4 17. Nxe4 dxe4 18. Bxe4 Nxd4 $14) 17. gxf5 Kh8
$2 ({Besser war noch} 17... Nxf5) 18. f6 Bb4 19. Bg2 Rg8 20. Ndf3 Nc6 21. Nd3
Qb6 22. Kh1 Bc5 23. Qc1 (23. Qc1 {und der Läufer muss bis auf sein
Ausgangsfeld zurück und kann von dort auch kaum mehr aktiviert werden:} Bf8
24. Qe3 $18 (24. a3 $18)) 1-0

[Event "Novy Bor m1"]
[Site "Novy Bor"]
[Date "2013.09.21"]
[Round "3"]
[White "Topalov, Veselin"]
[Black "Laznicka, Viktor"]
[Result "1/2-1/2"]
[WhiteElo "2769"]
[BlackElo "2677"]
[Annotator "Ramirez Alvarez,A"]
[PlyCount "70"]
[EventDate "2013.09.19"]
[EventType "match"]
[EventRounds "6"]
[EventCountry "CZE"]
[SourceTitle "CBM 157"]
[Source "ChessBase"]
[SourceDate "2013.11.12"]
[SourceVersion "1"]
[SourceVersionDate "2013.11.12"]
[SourceQuality "1"]

{The third game was a nail biting affair. Topalov was extremely aggressive and
repeated the line that gave him a victory on the first game. This time the
ante was upped as he sacrificed an exchange and two pawns for an initiative
against his opponent's king. His plan almost worked as he was very close to
victory, and only a slight inaccuracy and clever play by the Czech player
allowed Black to salvage half a point.} 1. d4 Nf6 2. c4 e6 3. Nf3 d5 4. Nc3
dxc4 5. e4 Bb4 6. Bxc4 Nxe4 7. O-O Nxc3 8. bxc3 Be7 9. Ne5 O-O 10. Qg4 Nc6 11.
Re1 f5 12. Qf3 Nxe5 13. Rxe5 Kh8 14. Bf4 g5 15. Bd2 Bd6 16. Rae1 Bxe5 17. Rxe5
Qf6 18. h4 gxh4 19. Bf4 Qg6 20. Qh3 Rg8 21. Re3 h6 22. Qh2 b5 23. Bf1 Kh7 24.
Qxh4 e5 25. dxe5 (25. Rg3 $1 {Surprisingly effective.} Qe6 26. Rxg8 Kxg8 (26...
exf4 27. Rf8 {should be hopeless.}) 27. Bxe5 Kh7 28. Qd8 $1 $18) 25... Qe6 26.
Bd3 {threatening Bxf5.} Rg6 $1 {Forced but sufficient.} 27. Rg3 Rxg3 28. fxg3 {
White is down an exchange, but Black's king position is so weak that he can't
really do much with it.} Bb7 29. Bc2 Rf8 30. g4 Qg6 31. e6 Qxe6 (31... Be4 $5 {
would maybe have caused White some problems, but I believe White's initiative
after 32.Bb3 is enough to hold a draw somehow. Only a computer would play on
such a position!}) 32. Bxf5+ Rxf5 33. gxf5 Qxf5 34. Qxh6+ Kg8 35. Qg5+ Qxg5 {
Laznicka saved himself on this one!} 1/2-1/2

[Event "Kozloduy Danube Countries 2nd"]
[Site "Kozloduy"]
[Date "2013.11.01"]
[Round "1"]
[White "Topalov, Veselin"]
[Black "Svane, Rasmus"]
[Result "1-0"]
[WhiteElo "2774"]
[BlackElo "2467"]
[PlyCount "95"]
[EventDate "2013.11.01"]
[EventType "tourn (rapid)"]
[EventRounds "9"]
[EventCountry "BUL"]
[EventCategory "15"]
[SourceTitle "EXT 2014"]
[Source "ChessBase"]
[SourceDate "2013.11.20"]
[SourceVersion "1"]
[SourceVersionDate "2013.11.20"]
[SourceQuality "1"]

1. Nf3 Nf6 2. g3 d5 3. Bg2 c6 4. d3 Bg4 5. Nbd2 e6 6. h3 Bxf3 7. Nxf3 Nbd7 8.
O-O Bd6 9. e4 O-O 10. Qe2 Qc7 11. Re1 e5 12. Bg5 Rfe8 13. Nh4 Bf8 14. Nf5 h6
15. Bd2 Rad8 16. Rad1 dxe4 17. dxe4 Nc5 18. b3 Rd7 19. Bc3 Red8 20. Rxd7 Nfxd7
21. Rd1 Ne6 22. Bb2 Ndc5 23. Rxd8 Nxd8 24. Qg4 Kh7 25. Ne3 Nde6 26. h4 Nd4 27.
Qd1 Nde6 28. a4 Nd7 29. Bh3 Qd6 30. Qf3 Kg8 31. Nc4 Qe7 32. Nxe5 Nxe5 33. Bxe5
Nc5 34. Qf4 b5 35. axb5 cxb5 36. Bf1 a6 37. f3 Ne6 38. Qe3 Qd8 39. Qd3 Qb6+ 40.
Kg2 Bc5 41. f4 Bg1 42. Qd2 Be3 43. Qd6 Qa5 44. b4 Qa3 45. Qd3 Qc1 46. f5 Nf8
47. Bc3 Nd7 48. e5 1-0

[Event "Kozloduy Danube Countries 2nd"]
[Site "Kozloduy"]
[Date "2013.11.01"]
[Round "2"]
[White "Ivanisevic, Ivan"]
[Black "Topalov, Veselin"]
[Result "0-1"]
[WhiteElo "2619"]
[BlackElo "2774"]
[PlyCount "114"]
[EventDate "2013.11.01"]
[EventType "tourn (rapid)"]
[EventRounds "9"]
[EventCountry "BUL"]
[EventCategory "15"]
[SourceTitle "EXT 2014"]
[Source "ChessBase"]
[SourceDate "2013.11.20"]
[SourceVersion "1"]
[SourceVersionDate "2013.11.20"]
[SourceQuality "1"]

1. d4 Nf6 2. c4 g6 3. Bg5 Bg7 4. Nc3 h6 5. Bh4 c5 6. e3 O-O 7. Nf3 cxd4 8. exd4
g5 9. Bg3 d5 10. h4 g4 11. Ne5 Nc6 12. Nxc6 bxc6 13. Be5 Be6 14. c5 Rb8 15. Qc2
Nh5 16. Bxg7 Nxg7 17. Bd3 Qd7 18. Qd2 Bf5 19. Be2 Qe6 20. O-O Qf6 21. g3 a5 22.
Rad1 Qg6 23. b3 Rfe8 24. Na4 Rb4 25. Qc3 e5 26. dxe5 Re4 27. Ba6 R4xe5 28. Qxa5
Be4 29. Qd2 Qf6 30. Nc3 Bf3 31. Rde1 Nf5 32. Bd3 Nxh4 33. Rxe5 Rxe5 34. Qf4
Qxf4 35. gxf4 Rh5 36. Ne2 Nf5 37. Ng3 Nxg3 38. fxg3 Rh1+ 39. Kf2 Rh2+ 40. Ke3
Rxa2 41. b4 Ra4 42. Kd4 Rxb4+ 43. Ke5 Kg7 44. f5 f6+ 45. Kd6 Rb3 46. Ra1 h5 47.
Bc2 Rb2 48. Ra7+ Kh6 49. Ba4 d4 50. Ke6 Rb8 51. Kxf6 h4 52. gxh4 g3 53. Bc2 g2
54. Ra1 Kh5 55. Ke5 Kxh4 56. Kf4 Bd5 57. f6 Rf8 0-1

[Event "Kozloduy Danube Countries 2nd"]
[Site "Kozloduy"]
[Date "2013.11.01"]
[Round "3"]
[White "Topalov, Veselin"]
[Black "Rapport, Richard"]
[Result "1/2-1/2"]
[WhiteElo "2774"]
[BlackElo "2680"]
[PlyCount "105"]
[EventDate "2013.11.01"]
[EventType "tourn (rapid)"]
[EventRounds "9"]
[EventCountry "BUL"]
[EventCategory "15"]
[SourceTitle "EXT 2014"]
[Source "ChessBase"]
[SourceDate "2013.11.20"]
[SourceVersion "1"]
[SourceVersionDate "2013.11.20"]
[SourceQuality "1"]

1. e4 e6 2. d4 d5 3. Nd2 Bd7 4. exd5 exd5 5. Bd3 Bd6 6. Ne2 Nc6 7. c3 Nf6 8.
O-O O-O 9. Ng3 Ne7 10. Nf3 Ng6 11. Nf5 Bf4 12. Re1 Bxc1 13. Qxc1 Bxf5 14. Bxf5
Re8 15. Qc2 Qd6 16. g3 Nf8 17. Qb3 g6 18. Bh3 Ne4 19. Ne5 Ne6 20. f3 Nf6 21.
Bxe6 Qxe6 22. Nxg6 Qxe1+ 23. Rxe1 Rxe1+ 24. Kf2 Ree8 25. Nf4 Rad8 26. g4 h6 27.
h4 Rd6 28. Qxb7 Rb6 29. Qxc7 Rxb2+ 30. Kg3 Re3 31. Qd8+ Kg7 32. Nxd5 Nxd5 33.
Qxd5 Rxc3 34. Qe5+ Kg8 35. d5 Rbc2 36. d6 Rd3 37. g5 hxg5 38. h5 Rd1 39. Qxg5+
Kf8 40. Qe7+ Kg8 41. Qe8+ Kg7 42. Qe5+ Kg8 43. d7 Rcd2 44. h6 f6 45. Qxf6 Rxd7
46. Qg6+ Kh8 47. Qf5 R1d5 48. Qe4 Rd4 49. Qb1 R4d6 50. Qf5 Rd5 51. Qc2 R5d6 52.
f4 Rf7 53. Qb2+ 1/2-1/2

[Event "Kozloduy Danube Countries 2nd"]
[Site "Kozloduy"]
[Date "2013.11.02"]
[Round "6"]
[White "Topalov, Veselin"]
[Black "Shengelia, Davit"]
[Result "0-1"]
[WhiteElo "2774"]
[BlackElo "2543"]
[PlyCount "92"]
[EventDate "2013.11.01"]
[EventType "tourn (rapid)"]
[EventRounds "9"]
[EventCountry "BUL"]
[EventCategory "15"]
[SourceTitle "EXT 2014"]
[Source "ChessBase"]
[SourceDate "2013.11.20"]
[SourceVersion "1"]
[SourceVersionDate "2013.11.20"]
[SourceQuality "1"]

1. c4 e6 2. g3 Nf6 3. Bg2 d5 4. Nf3 dxc4 5. Qa4+ Nbd7 6. Qxc4 c5 7. Qc2 a6 8.
Nc3 Bd6 9. O-O O-O 10. d4 Qc7 11. Rd1 b5 12. d5 e5 13. Ng5 h6 14. Nge4 Nxe4 15.
Nxe4 f5 16. Nxd6 Qxd6 17. b3 a5 18. Bh3 f4 19. Be6+ Kh8 20. Bb2 fxg3 21. hxg3
Nf6 22. Qf5 Re8 23. Rac1 c4 24. bxc4 bxc4 25. Bxe5 Bxe6 26. Qxf6 gxf6 27. Bxd6
Bf7 28. Bc7 Re7 29. d6 Rd7 30. f3 Kg7 31. Kf2 a4 32. Rc3 Be6 33. g4 Kf7 34. Rb1
a3 35. Ke3 Ke8 36. Kd4 Rh7 37. Kc5 Kd7 38. Rh1 Bf7 39. Rb1 h5 40. Rb7 Kc8 41.
Rb1 h4 42. Re3 h3 43. Kc6 Ra6+ 44. Kc5 Ra8 45. Re7 Bg6 46. Rxh7 Bxh7 0-1

[Event "Kozloduy Danube Countries 2nd"]
[Site "Kozloduy"]
[Date "2013.11.02"]
[Round "7"]
[White "Saric, Ivan"]
[Black "Topalov, Veselin"]
[Result "1-0"]
[WhiteElo "2628"]
[BlackElo "2774"]
[PlyCount "125"]
[EventDate "2013.11.01"]
[EventType "tourn (rapid)"]
[EventRounds "9"]
[EventCountry "BUL"]
[EventCategory "15"]
[SourceTitle "EXT 2014"]
[Source "ChessBase"]
[SourceDate "2013.11.20"]
[SourceVersion "1"]
[SourceVersionDate "2013.11.20"]
[SourceQuality "1"]

1. e4 e5 2. Nf3 Nc6 3. Bb5 a6 4. Ba4 Nf6 5. O-O Be7 6. Re1 b5 7. Bb3 O-O 8. c3
d5 9. exd5 Nxd5 10. Nxe5 Nxe5 11. Rxe5 c6 12. d4 Bd6 13. Re1 Qh4 14. g3 Qh3 15.
Re4 g5 16. Qf1 Qh5 17. Nd2 f5 18. Re1 f4 19. Ne4 Bh3 20. Bd1 Qh6 21. Qe2 Rae8
22. Qh5 Qxh5 23. Bxh5 Rxe4 24. Rxe4 Nf6 25. Bf3 Nxe4 26. Bxe4 fxg3 27. hxg3
Bxg3 28. Be3 Rf6 29. fxg3 Re6 30. Bxc6 Rxc6 31. Bxg5 Re6 32. Kf2 Bg4 33. Re1
Rxe1 34. Kxe1 Kf7 35. b3 Be6 36. Kd2 Ke8 37. Kc2 Kd7 38. a4 Kc6 39. Kb2 Kd5 40.
Bf6 Bf5 41. Ka3 h5 42. Kb4 Bd3 43. Bg7 Be2 44. Bh6 Bd3 45. Bg7 Be2 46. Ka5 Kc6
47. Bh6 Bd3 48. Bd2 Be2 49. c4 bxc4 50. b4 c3 51. Bxc3 Bf1 52. Bd2 Be2 53. Bg5
Bf1 54. Be7 Bc4 55. b5+ axb5 56. axb5+ Kd5 57. Bf6 Ke6 58. b6 Kd6 59. Be5+ Kc6
60. Bf4 Bf1 61. d5+ Kb7 62. g4 hxg4 63. d6 1-0

[Event "EU-Cup 30th"]
[Site "Bilbao"]
[Date "2014.09.16"]
[Round "3.2"]
[White "Agdestein, Simen"]
[Black "Topalov, Veselin"]
[Result "1-0"]
[WhiteElo "2622"]
[BlackElo "2784"]
[Annotator "Krasenkow,M"]
[PlyCount "121"]
[EventDate "2014.09.14"]
[EventType "team-swiss"]
[EventRounds "7"]
[EventCountry "ESP"]
[SourceTitle "CBM 163"]
[Source "ChessBase"]
[SourceDate "2014.11.11"]
[SourceVersion "1"]
[SourceVersionDate "2014.11.11"]
[SourceQuality "1"]
[WhiteTeam "Oslo Schakselskap"]
[BlackTeam "SOCAR"]
[WhiteTeamCountry "NOR"]
[BlackTeamCountry "AZE"]

1. d4 Nf6 2. c4 e6 3. Nf3 d5 4. Nc3 Bb4 5. cxd5 exd5 6. Bg5 h6 7. Bh4 Nbd7 {
An uncommon mixture of plans.} (7... g5 8. Bg3 Ne4 {or}) (7... c5 {are usually
played.}) 8. Qa4 $146 {Unbelievably, a new move!} (8. e3 {still allows Black
to play} g5 9. Bg3 Ne4) (8. Qc2 {leads to a well-known position from the 6...
Nbd7 7.Qc2 system}) 8... c5 9. dxc5 a5 (9... Bxc3+ 10. bxc3 O-O 11. Qb4 {
transposes to the line 6...Nbd7 7.Qa4 etc. with a later ...h7-h6.
Agdestein-Giri, annotated in CBM 161 by GM Mihail Marin, is the most recent
example.}) 10. a3 Bxc3+ 11. bxc3 O-O {The inclusion of ...a7-a5 a2-a3 deprives
White's queen of the b4-square; on the other hand, Black's queenside is
weakened now; on the third hand, the b3 square can be available for Black's
knight in some lines. In total, these new factors probably keep the balance of
the position.} 12. Qd4 Re8 13. Nd2 Qc7 {Too weak.} (13... g5 $5 14. Bg3 Nf8 {
[%cal Yf8e6] looks risky but perhaps quite playable, e.g.} 15. h4 Ne6 16. Qe3
Nf4 17. Qd4 Ne6 $11) 14. e3 Ne4 15. Bb5 Re6 (15... Qxc5 16. Qxc5 Nexc5 17. O-O
$14 {[%csl Gb5]}) 16. c4 $1 Qxc5 17. Nb3 {White goes for a positional
advantage instead of winning a pawn, which would give Black counterplay:} (17.
Qxc5 Ndxc5 18. cxd5 Re5 19. Nxe4 Nxe4 20. Bc4 (20. Bd3 Nc5 21. Rd1 Nxd3+ 22.
Rxd3 Bf5) 20... Bd7 {[%cal Ya8c8]}) 17... Qxd4 18. Nxd4 Re5 19. f3 Nec5 20.
cxd5 (20. Ke2 $5 {[%cal Yh4g3]}) 20... Nb6 (20... Rxe3+ 21. Kf2 Re5 22. d6 {
[%csl Gd6][%cal Yh1d1] is also favourable for White, e.g.} Rd5 23. Rhd1 Rxd6
24. Nf5 Rxd1 25. Rxd1 {with domination.}) 21. O-O Rxd5 (21... Rxe3 22. Rfc1) (
21... Nxd5 22. e4 Nc3 23. Bc4 $16) 22. Rab1 Ne6 23. Nxe6 Bxe6 {So, White has
obtained a typical positional plus: the bishop pair in an open position with
an asymmetrical pawn structure. However, precision is required.} 24. e4 $6 (24.
Rfc1 {, covering the c4-square, may be more accurate.}) 24... Rh5 25. Bf2 Nc4 {
[%cal Rc4a3,Rc4d2]} 26. g4 Rxb5 $6 {There was no need to give up the exchange.}
(26... Re5 $142 {e.g.} 27. Bd4 Rg5 28. h4 Rg6 29. h5 Rg5 30. Bxc4 Bxc4 31. Rfc1
Rb5 $5 {, and Black should hold on.} (31... b5 $143 {[%csl Rg5]})) 27. Rxb5 Nd2
28. Rxb7 Nxf3+ 29. Kg2 Nd2 30. Rd1 Nc4 31. a4 Bxg4 {It looks like Black, with
a pawn for the exchange, has a decent position; however, rooks are rooks,
especially when the struggle is taking place on both sides of the board.
Finally Black's a5-pawn falls, and White's outside a-pawn becomes an important
factor.} 32. Rd4 Rc8 33. Bg3 Ne3+ 34. Kf2 Nd1+ 35. Ke1 Ne3 36. Kf2 Nd1+ 37. Ke1
Ne3 38. Kd2 Nf1+ 39. Kd3 Rc1 (39... Nxg3 40. hxg3 {[%cal Yb7b5]}) 40. Rd8+ Kh7
41. Ra8 Nxg3 {Black hurries up to win White's kingside pawn but keeping a
strong knight was also possible:} (41... Rd1+ 42. Kc2 Bf3 43. Re7 Ne3+ 44. Kc3
Nf5 45. Rxf7 Bxe4 46. Rxa5 Rd3+ 47. Kb4 Nd4 {etc.}) 42. hxg3 Be6 43. Rxa5 Rg1
44. Re5 Rxg3+ 45. Kd4 Ra3 46. a5 Kg6 47. Rbb5 Ra4+ 48. Kc3 Rc4+ 49. Kb2 Ra4 50.
Rbc5 Ra2+ 51. Kc3 Ra4 52. Rh5 Rxe4 $2 {Now White's pawn moves forward.} ({
His task was not yet easy after a waiting move like} 52... Kh7 {. If} 53. Rc6 {
then} g5 {[%cal Yh7g6,Yh6h5]}) 53. a6 f5 54. Rh1 Ra4 55. Rc6 Kf7 56. Rb1 Bd5
57. Rb7+ Kg8 58. Rg6 $1 {White's b7-rook is untouchable.} Rc4+ (58... Bf7 59.
Rd6 {[%cal Ya6a7]}) 59. Kd3 Bxb7 60. Kxc4 Bf3 61. Kd4 1-0

[Event "Gibraltar Masters 13th"]
[Site "Caleta"]
[Date "2015.01.28"]
[Round "2"]
[White "Debashis, Das"]
[Black "Topalov, Veselin"]
[Result "1/2-1/2"]
[WhiteElo "2503"]
[BlackElo "2800"]
[Annotator "CB"]
[PlyCount "91"]
[EventDate "2015.01.27"]
[EventType "swiss"]
[EventRounds "10"]
[EventCountry "GGB"]
[SourceTitle "CBM 165"]
[Source "ChessBase"]
[SourceDate "2015.03.11"]
[SourceVersion "1"]
[SourceVersionDate "2015.03.11"]
[SourceQuality "1"]

1. d4 Nf6 2. c4 e6 3. Nc3 Bb4 4. e3 O-O 5. Bd3 c5 6. Nf3 d5 7. O-O dxc4 8. Bxc4
Nc6 9. a3 Bxc3 10. bxc3 Qc7 11. h3 e5 12. a4 Bf5 {This tabiya of the
Rubinstein Variation in the Nimzo-Indian always promises interesting games.}
13. Ba3 b6 14. Bb5 e4 15. Nd2 Na5 16. Qe2 Rfd8 17. Rfc1 Be6 18. Rab1 Rd5 $5 {
Topalov is always looking for aggressive chances. Here he is planning to swing
his rook over to the kingside, with some serious threats.} 19. Qf1 Rg5 20. Kh1
Rd8 21. Be2 {White's kingside is holding, but he doesn't seem to be making any
progress of his own.} Rg6 22. f4 {Even though it is hard to come up with an
alternative, this seems to weaken White's position too much.} exf3 23. Bxf3 Qd7
(23... Rh6 $5 {Was stronger to play first. The idea is actually quick simple;
rip the game apart with g5-g4.} 24. Qf2 g5 25. e4 g4 26. Be2 gxh3 27. g3 Nc4 $3
$17 {sctacular, but not the only move} 28. Bxc4 Bxc4 {and the piece is taboo
because of} 29. Nxc4 Nxe4 30. Qe3 Nxg3+ 31. Kg1 h2+ 32. Kg2 Rg6 $19) 24. Ra1
Nd5 25. Qf2 Bxh3 $1 26. c4 (26. gxh3 Qxh3+ 27. Qh2 Qe6 $19 {leaves White's
king too vulnerable to the attacks on the h and g files.}) 26... Nf6 27. gxh3
cxd4 (27... Qxh3+ 28. Qh2 Qe6 {was still very strong.}) 28. e4 Nb3 $1 {A nice
distraction tactic.} 29. Bg2 (29. Nxb3 Qxh3+ 30. Qh2 Qxf3+ {and mate}) 29...
Nxa1 30. Rxa1 Re8 $6 {From here on Topalov seems to lose the thread of the
game a little.} (30... Qc7 {was stronger, with the idea of relocating the f6
knight to a more powerful square, either e5, c5 or h5.}) 31. Bb2 Nh5 32. Ra3 d3
$2 (32... Rf6 $15) 33. e5 {Now White is fully back in the game. Black is not
coordinated enough to push his d-pawn.} Rg3 34. Kh2 Qc7 35. Ne4 {Suddenly that
rook on g3 is in serious problems.} d2 36. Rxg3 d1=Q 37. Nf6+ Kh8 38. Nxe8 {
A crazy position! Black has two queens and a knight against a queen, a rook,
and three pieces. Black must exchange queens or he will get mated very soon.}
Qc5 39. Qxc5 bxc5 40. e6 fxe6 (40... f6 $1) 41. Bxg7+ (41. Rg4 $1 {and then
taking on g7 with the knight instead, kept some winning chances.}) 41... Nxg7
42. Nxg7 Qxa4 43. Nxe6 Qxc4 44. Ng5 a5 45. Ne4 a4 46. Rc3 {Oddly enough the
game fizzled into a draw. In this position some computers might claim that
this is better for Black, but that is clearly not the case. As soon as White
takes the pawn on c5 and sacrifices something for the a-pawn the position
cannot be won, even if White sacrifices the rook!} 1/2-1/2

[Event "Norway Masters blitz 3rd"]
[Site "Stavanger"]
[Date "2015.06.15"]
[Round "6"]
[White "Topalov, Veselin"]
[Black "Aronian, Levon"]
[Result "0-1"]
[WhiteElo "2798"]
[BlackElo "2780"]
[PlyCount "72"]
[EventDate "2015.06.15"]
[EventType "tourn (blitz)"]
[EventRounds "9"]
[EventCountry "NOR"]
[EventCategory "22"]
[SourceTitle "CBM 166 Extra"]
[Source "ChessBase"]
[SourceDate "2015.06.18"]
[SourceVersion "1"]
[SourceVersionDate "2015.06.18"]
[SourceQuality "1"]

1. e4 e5 2. Nf3 Nc6 3. Bc4 Bc5 4. c3 Nf6 5. d3 a6 6. O-O d6 7. a4 Ba7 8. h3 Ne7
9. Re1 Ng6 10. Be3 Bxe3 11. Rxe3 O-O 12. Nbd2 d5 13. exd5 Nxd5 14. Bxd5 Qxd5
15. Qb3 Qxb3 16. Nxb3 f6 17. d4 exd4 18. Nfxd4 Ne5 19. a5 Rd8 20. Ra4 b6 21.
axb6 cxb6 22. f4 Bd7 23. Rb4 a5 24. fxe5 axb4 25. exf6 bxc3 26. bxc3 gxf6 27.
Nd2 Be8 28. Ne4 Bg6 29. Nxf6+ Kf7 30. Ng4 Re8 31. Ne5+ Kg7 32. h4 Ra5 33. Ndc6
Rc5 34. Kf2 Re6 35. Nxg6 Rxe3 36. Kxe3 Rxc3+ 0-1